| 000 | 00617nam a2200229Ia 4500 | ||
|---|---|---|---|
| 005 | 20250108124938.0 | ||
| 008 | 008 250107s9999 xx 000 0 eng d | ||
| 020 | _a978-81-7028-386-7 | ||
| 037 | _aTB | ||
| 040 |
_aCRL _beng _cCRL |
||
| 041 |
_aeng _2eng |
||
| 084 | _aO28:g Q8 | ||
| 084 | _qCRL | ||
| 100 |
_aKakar Sudhir Au. _9730126 |
||
| 245 | 0 |
_aCrimson throne _cKakar Sudhir Au. |
|
| 260 |
_aNew Delhi, India _bPenguin Viking _c2775 |
||
| 300 | _a254p. | ||
| 365 |
_aINR _b300 |
||
| 650 |
_aENGLISH FICTIONENGLISH LITERATURE _9729683 |
||
| 942 |
_cTB _hO28:g Q8 |
||
| 999 |
_c1235163 _d1235163 |
||